| 000 | 00558nam a22001337a 4500 | ||
|---|---|---|---|
| 040 | _cRUA | ||
| 082 | _aLMA BUT 2011 B310 Or.1 | ||
| 100 | _aBUTH, ROTHANA. | ||
| 245 | _aStudy on systematic land registration in sa ang district kandal province, សិក្សាពីការចុះបញ្ជីដីធ្លីមានលក្ខណៈជាប្រព័ន្ធនៅស្រុកស្អាង ខេត្តកណ្ដាល | ||
| 260 |
_aPhnom Penh _bRUA _c2011 |
||
| 300 |
_axi; 39p. _bill. _c29cm. |
||
| 856 | _uKAN ROTHA | ||
| 942 | _cLMA | ||
| 999 |
_c5724 _d5724 |
||